000
00306nam a22001217a 4500
008
160503b xxu||||| |||| 00| 0 eng d
020
_a
9781416024200
020
_a
1416024204
041
_a
eng
080
_a
61
245
_a
Medical the assistant;
_c
Alexandra P. Young; Deborah B. Proctor;
942
_2
udc
_c
BK
999
_c
1750
_d
1750